000 00865cam a22002054a 4500
005 20250605164406.0
008 250528s ||||||||||||||||||||||||d
035 _a24822
040 _aGR-AtMCL
_bgre
_dGR-AtMCL
_eAACR2
245 1 _aGrow / Ιστορίες Management και Ηγεσίας: 2η Έκδοση
250 _a
260 _bΔιόπτρα,
_c2020
300 _a496
520 _aΈνα βιβλίο φαινόμενο που θα αλλάξει σε κάποιους τον τρόπο που σκέφτονται. Σημείωμα Συγγραφέων, Άνθρωποι, Εξέλιξη, Ηγεσία, Μάνατζμεντ, Ο Δικός μου Τρόπος, Στρατηγική.
700 1 _aΠαπαδήμας Βαγγέλης
_98160
700 1 _aΣπηλιώτης Θοδωρής
942 _cBK
999 _c9665
_d9665